| 000 | 00576nam a22001937a 4500 | ||
|---|---|---|---|
| 008 | 161010b xxu||||| |||| 00| 0 eng d | ||
| 020 | _a0201316897 | ||
| 050 | _aHB 171.5 .M642 1998 | ||
| 100 | _aMiller,Roger LeRoy | ||
| 245 |
_aEconomics today/ _cRoger LeRoy Miller |
||
| 250 | _a10th ed. | ||
| 260 |
_aReading,massachusetts : _bAddison-Wesley, _cc1998 |
||
| 300 |
_axxxiv, 791p. : _bill. ; |
||
| 500 | _aIncludes index. | ||
| 650 | _aEconomics | ||
| 650 | _aMicroeconomics | ||
| 650 | _aMacroeconomics | ||
| 942 |
_2lcc _cBOOKS _hHB 171.5 .M642 1998 |
||
| 999 |
_c14891 _d14891 |
||